000 00394nam a2200145Ia 4500
008 210716s2007 xx 000 0 und d
020 _a9780230632561
041 _aeng
082 _a334.2 INTE
245 _aInternational banking: legal and regulatory aspects.
_bLegal and regulatory aspects.
250 _a1
260 _aMumbai
_bMacmillan
_c2007
300 _aviii,204
650 _aBanking
999 _c201853
_d201853